Handbook of human rights and criminal justice in India: (Record no. 163780)

MARC details
000 -LEADER
fixed length control field 00861 a2200217 4500
005 - DATE AND TIME OF LATEST TRANSACTION
control field 20190430133338.0
010 ## - LCCN (DPL NO)
LC control number B-225866
020 ## - INTERNATIONAL STANDARD BOOK NUMBER
Terms of availability 595.00
International Standard Book Number 9780195690507
035 ## - SYSTEM CONTROL NUMBER
System control number B-225866
037 ## - SOURCE OF ACQUISITION
Source of stock number/acquisition DBAD / PUB
082 14 - DEWEY DECIMAL CLASSIFICATION NUMBER
Classification number 323
100 ## - MAIN ENTRY--PERSONAL NAME
Personal name South Asia Human Rights Documentation Centre
245 1# - TITLE STATEMENT
Title Handbook of human rights and criminal justice in India:
Remainder of title the system and procedure/
Statement of responsibility, etc South Asia Human Rights Documentation Centre
250 ## - EDITION STATEMENT
Edition statement 2nd ed
260 ## - PUBLICATION, DISTRIBUTION, ETC. (IMPRINT)
Place of publication, distribution, etc New Delhi
Name of publisher, distributor, etc Oxford University Press
Date of publication, distribution, etc 2007
270 ## - ADDRESS
Address YMCA Library Building, Jai Singh Road
City New Delhi
State or province Delhi
Postal code 110001
300 ## - PHYSICAL DESCRIPTION
Extent xiv, 217p.
Dimensions 26 cm (Hb)
500 ## - GENERAL NOTE
General note It Includes bibliographical references & index.
942 ## - ADDED ENTRY ELEMENTS (KOHA)
Institution code [OBSOLETE] dpl
Item type English Books
Call number prefix 323 / HAN
Source of classification or shelving scheme Dewey Decimal Classification
Classification part 323
Call number suffix HAN
Holdings
Withdrawn status Lost status Not for loan Collection code Home library Current library Date acquired Source of acquisition Cost, normal purchase price Full call number Barcode Copy number Cost, replacement price Koha item type
      Non-fiction Central Library Central Library 30/04/2019 DBAD/PUB 595.00 323 HAN B-225866 1 595.00 English Books

© Delhi Public Library
Hit Counter
free hit counter